Où est passée la clé de ma ceinture de chasteté : 8 mots dans mots - Statistiques

Statistiques générales
  • Ce quiz a été pris 48 fois
  • Le résultat moyen est 4 sur 9
Answers on the Grid
Answers color-coded by a green-red scale on the quiz's grid according to % correct below.
Nu---aire
Nag---re
Pr---ère
Anti---ricale
Me---gerie
Enu---ées
En---dement
Do---eur
Débou---es
Elé---nt
In---mente
Antinu---aire
Recy---es
Ri---ule
Mo---eur
Encer---es
 
Statistiques - réponses
Réponse % Correct
Nu---aire
71%
In---mente
57%
Recy---es
57%
Antinu---aire
43%
Anti---ricale
43%
Débou---es
43%
Encer---es
43%
Enu---ées
43%
Mo---eur
14%
Aucun quiz correspondant
Distribution des résultats
% des personnes avec chaque résultat
Percentile par nombre de réponses
Votre historique - résultats
Vous n’avez pas pris ce quiz